Normal view
MARC view
Entry Personal Name
001 - CONTROL NUMBER
- control field: 47086
003 - CONTROL NUMBER IDENTIFIER
- control field: dpl
005 - DATE AND TIME OF LATEST TRANSACTION
- control field: 20120514151914.0
008 - FIXED-LENGTH DATA ELEMENTS
- fixed length control field: 120514|||a|||||| | ||| d
040 ## - CATALOGING SOURCE
- Original cataloging agency: dpl
- Transcribing agency: dpl
100 ## - HEADING--PERSONAL NAME
- Personal name: यादव, बी.एस.
670 ## - SOURCE DATA FOUND
- Source citation: Work cat.: (dpl)9132: उपकार सीपीएमटीःभौतिक,रसायन,जन्तु एवं वनस्पति विज्ञान एक दृष्टि में/, व.अ.
670 ## - SOURCE DATA FOUND
- Source citation: Work cat.: (dpl)9132: उपकार सीपीएमटीःभौतिक,रसायन,जन्तु एवं वनस्पति विज्ञान एक दृष्टि में/, व.अ.
